Convención Americana sobre Derechos Humanos (Registro nro. 2876)
[ vista simple ]
| 000 -Cabecera | |
|---|---|
| Campo de control de longitud fija | 00514aam a2200205 4500 |
| 005 - Fecha y hora de la última transacción | |
| Campo de control | 20230904124511.0 |
| 008 - Elementos de longitud fija--Información general | |
| Campo de control de longitud fija | 150226b2010 xxu||||| |||| 00| 0 eng d |
| 020 ## - International Standard Book Number | |
| Número Internacional Estándar del Libro (ISBN) | 9789977997131 |
| 041 ## - Idioma | |
| Código de idioma | |
| 082 ## - Clasificación Decimal Dewey | |
| Número de clasificación | 341.481 C766c11 |
| 245 ## - Título propiamente dicho | |
| Título | Convención Americana sobre Derechos Humanos |
| 250 ## - Edición | |
| Mención de edición | 11 edición |
| 260 ## - Pie de imprenta | |
| Lugar de publicación, distribución, etc. | Costa Rica |
| 260 ## - Pie de imprenta | |
| Nombre del editor, distribuidor, etc. | IJSA |
| 260 ## - Pie de imprenta | |
| Fecha de publicación, distribución, etc. | 2010 |
| 300 ## - Descripción física | |
| Extensión | 58 páginas |
| 650 ## - Materia general | |
| Temática (materia general) | DERECHOS HUMANOS |
| 650 ## - Materia general | |
| Temática (materia general) | DERECHOS INTERNACIONALES |
| 942 ## - Punto de acceso adicional KOHA | |
| Tipo de ítem KOHA | Libro |
| Fuente del sistema de clasificación o colocación | Dewey Decimal Classification |
| Signatura completa | Código de barras | Tipo de ítem |
|---|---|---|
| 341.48 C766c11 | 18385 | Libro |
| 341.48 C766c11 | 18386 | Libro |
| 341.48 C766c11 | 18387 | Libro |
| 341.48 C766c11 | 18388 | Libro |
| 341.48 C766c11 | 18389 | Libro |
| 341.48 C766c11 | 16271 | Libro |
| 341.48 C766c11 | 16744 | Libro |
| 341.48 C766c11 | 16745 | Libro |
| 341.48 C766c11 | 16746 | Libro |
| 341.48 C766c11 | 16272 | Libro |
| 341.48 C766c11 | 16273 | Libro |
| 341.48 C766c11 | 16274 | Libro |
| 341.48 C766c11 | 16275 | Libro |
| 341.48 C766c11 | 22983 | Libro |
| 341.48 C766c11 | 22984 | Libro |
| 341.48 C766c11 | 22985 | Libro |
| 341.48 C766c11 | 22986 | Libro |
| 341.48 C766c11 | 23637 | Libro |
| 341.48 C766c11 | 23638 | Libro |
| 341.48 C766c11 | 23639 | Libro |
| 341.48 C766c11 | 23640 | Libro |
| 341.48 C766c11 | 23641 | Libro |
| 341.48 C766c11 | 23986 | Libro |
| 341.48 C766c11 | 25517 | Libro |